Los bronces de Lascuta, Bonanza y Aljustrel / (Record no. 163760)

MARC details
000 -LEADER
campo de control de longitud fija 00963nam a2200205 i 4500
001 - NÚMERO DE CONTROL
campo de control 163760
003 - IDENTIFICADOR DE NÚMERO DE CONTROL
campo de control ES-MaACL
005 - FECHA Y HORA DE LA ÚLTIMA TRANSACCIÓN
campo de control 20250713063723.0
008 - DATOS DE LONGITUD FIJA--INFORMACIÓN GENERAL
campo de control de longitud fija 991021s1881 sp |||| | spa d
040 ## - FUENTE DE CATALOGACIÓN
Centro catalogador/agencia de origen CCPB | B
Lengua de catalogación spa
Centro/agencia transcriptor CCPB | B
100 1# - ENTRADA PRINCIPAL--NOMBRE DE PERSONA
Nombre de persona Rodríguez de Berlanga, Manuel,
Fechas asociadas al nombre 1825-1909
9 (RLIN) 98441
245 14 - MENCIÓN DEL TÍTULO
Título Los bronces de Lascuta, Bonanza y Aljustrel /
Mención de responsabilidad, etc. que publica Manuel Rodríguez de Berlanga.
260 ## - PUBLICACIÓN, DISTRIBUCIÓN, ETC.
Lugar de publicación, distribución, etc. Málaga :
Nombre del editor, distribuidor, etc. [s.n.],
Fecha de publicación, distribución, etc. 1881 (
Fabricante imprenta que fue de Don José Martínez de Aguilar, hoy de Don Ambrosio Rubio)
300 ## - DESCRIPCIÓN FÍSICA
Extensión XXI, 836 p., [3] map. pleg., [11] lám. pleg., [4] lám. :
Otras características físicas il. ;
Dimensiones 26 cm.
650 #4 - PUNTO DE ACCESO ADICIONAL DE MATERIA--TÉRMINO DE MATERIA
Término de materia o nombre geográfico como elemento de entrada Inscripciones latinas-
Subdivisión geográfica Cádiz (Provincia)
9 (RLIN) 160634
650 #4 - PUNTO DE ACCESO ADICIONAL DE MATERIA--TÉRMINO DE MATERIA
Término de materia o nombre geográfico como elemento de entrada Inscripciones latinas-
Subdivisión geográfica Aljustrel.
9 (RLIN) 160635
651 #4 - PUNTO DE ACCESO ADICIONAL DE MATERIA--NOMBRE GEOGRÁFICO
Nombre geográfico España-
Subdivisión general Restos arqueológicos.
9 (RLIN) 8485
852 ## - LOCALIZACIÓN
Ubicación ES-MaACL
Número de control de estantería F-9632
Nota libre -- Enc. pasta española
-- -- Dedic. ms. del autor al Ateneo científico, literario y artístico
Holdings
Estatus retirado Estado de pérdida Estado de daño No para préstamo Colección Biblioteca de origen Biblioteca actual Ubicación en estantería Fecha de adquisición Fuente de adquisición Total de préstamos Signatura topográfica completa Código de barras Visto por última vez Precio de reemplazo Tipo de ítem Koha
        Libros del s. XIX Biblioteca del Ateneo de Madrid Biblioteca del Ateneo de Madrid Sala Pecera Planta 2 17/01/2008     F-9632 1171617 23/02/2023 23/02/2023 Libro impreso antiguo